Library Logo

Pioneer International University Library Catalogue

Theories of social work with groups / (Record no. 426)

MARC details
000 -LEADER
fixed length control field 00464cam a2200157 i 4500
005 - DATE AND TIME OF LATEST TRANSACTION
control field 20250901165219.0
008 - FIXED-LENGTH DATA ELEMENTS--GENERAL INFORMATION
fixed length control field 760220s1976 nyu b 001 0 eng
010 ## - LIBRARY OF CONGRESS CONTROL NUMBER
LC control number 76004967
020 ## - INTERNATIONAL STANDARD BOOK NUMBER
International Standard Book Number 0231038852
050 00 - LIBRARY OF CONGRESS CALL NUMBER
Classification number HV45 .R6
Item number .R6
082 00 - DEWEY DECIMAL CLASSIFICATION NUMBER
Classification number 361.4
245 10 - TITLE STATEMENT
Title Theories of social work with groups /
Statement of responsibility, etc. Robert W. Roberts and Helen Northen, editors.
260 ## - PUBLICATION, DISTRIBUTION, ETC.
Place of publication, distribution, etc. New York :
Name of publisher, distributor, etc. Columbia University Press,
Date of publication, distribution, etc. 1976.
300 ## - PHYSICAL DESCRIPTION
Extent xviii, 401 p. ;
Dimensions 24 cm.
942 ## - ADDED ENTRY ELEMENTS (KOHA)
Source of classification or shelving scheme Dewey Decimal Classification
Holdings
Withdrawn status Lost status Source of classification or shelving scheme Damaged status Not for loan Home library Current library Shelving location Date acquired Total checkouts Full call number Barcode Date last seen Price effective from Koha item type
    Library of Congress Classification     Main Library Main Library   02/22/2021   HV45 .R6 PIU0006643 02/22/2021 02/22/2021 Books